|
|
|
|
| LEADER |
00937nam a2200253 a 4500 |
| 001 |
3764 |
| 003 |
BD-DhAAL |
| 005 |
20150316115947.0 |
| 008 |
150316s1995 njua b 001 0 eng |
| 010 |
|
|
|a 94038541
|
| 020 |
|
|
|a 0023224614
|
| 040 |
|
|
|a DLC
|c DLC
|d DLC
|d BD-DhAAL
|
| 050 |
0 |
0 |
|a GB54.5
|b .C47 1995
|
| 082 |
0 |
0 |
|a 910/.02
|2 20
|
| 100 |
1 |
|
|a Christopherson, Robert W.
|9 9751
|
| 245 |
1 |
0 |
|a Elemental geosystems :
|b a foundation in physical geography /
|c Robert W. Christopherson.
|
| 260 |
|
|
|a Englewood Cliffs, N.J. :
|b Prentice Hall,
|c c1995.
|
| 300 |
|
|
|a 1 v. (various pagings :
|b col. ill. ;
|c 26 cm.
|
| 504 |
|
|
|a Includes bibliographical references and index.
|
| 541 |
|
|
|e 3764
|
| 650 |
|
0 |
|a Physical geography.
|9 9491
|
| 942 |
|
|
|2 ddc
|c BK
|
| 999 |
|
|
|c 34069
|d 34069
|
| 952 |
|
|
|0 0
|1 0
|2 ddc
|4 0
|6 910_020000000000000_CHR
|7 0
|9 53160
|a SCL
|b SCL
|c GEN
|d 2015-03-16
|e Gift: The Asia Foundation
|l 0
|o 910.02 CHR
|p 3020003764
|r 2015-03-16
|t 1
|w 2015-03-16
|y BK
|